[Event "ch-ISR 2014"]
[Site "Beer-Sheva ISR"]
[Date "2014.06.25"]
[Round "9.11"]
[White "Rinberg, Alexander"]
[Black "Mordechai, Hanan"]
[Result "1/2-1/2"]
[WhiteTitle "FM"]
[BlackTitle "FM"]
[WhiteElo "2321"]
[BlackElo "2314"]
[WhiteFideId "14102510"]
[BlackFideId "2804166"]
[EventDate "2014.05.17"]

1. c4 Nf6 2. Nf3 e6 3. g3 d5 4. Bg2 Be7 5. O-O O-O 6. d4 dxc4 7. Ne5 Nbd7 8.
Nxc4 c5 9. dxc5 Nxc5 10. Nc3 Nfd7 11. Bf4 Nb6 12. Qxd8 Rxd8 13. Nxb6 axb6 14.
Rfd1 Kf8 15. Bc7 Rxd1+ 16. Rxd1 Na4 17. Nxa4 Rxa4 18. a3 b5 19. Bf4 Rc4 20. Rc1
Rxc1+ 21. Bxc1 b4 22. axb4 Bxb4 23. f4 Ke7 24. Kf2 Kd6 25. Ke3 b6 26. Bf3 Ba6
27. g4 Bc4 28. h4 Bd5 29. Bxd5 Kxd5 30. Kd3 f5 31. gxf5 exf5 32. h5 b5 33. b3
Be7 34. Bb2 g6 35. hxg6 hxg6 1/2-1/2

[Event "ch-ISR 2014"]
[Site "Beer-Sheva ISR"]
[Date "2014.06.25"]
[Round "9.12"]
[White "Reshef, Omer"]
[Black "Eliagov, Kafar"]
[Result "1-0"]
[BlackTitle "FM"]
[WhiteElo "2266"]
[BlackElo "2268"]
[WhiteFideId "2804336"]
[BlackFideId "2804883"]
[EventDate "2014.05.17"]

1. e4 e5 2. Nf3 Nc6 3. Nc3 Nf6 4. Bb5 Bd6 5. d3 a6 6. Ba4 O-O 7. O-O h6 8. Ne2
b5 9. Bb3 Na5 10. d4 Nxb3 11. axb3 Qe7 12. dxe5 Bxe5 13. Nxe5 Qxe5 14. Ng3 Re8
15. Re1 Bb7 16. f3 Rad8 17. Be3 d5 18. Bd4 Qg5 19. e5 Nd7 20. b4 Nxe5 21. Qe2 f6
22. Qf2 Qh4 23. c3 Nc6 24. Bc5 Qf4 25. Rad1 Re5 26. Ne2 Qc4 27. Nd4 Rde8 28. Qg3
Kf7 29. Rxe5 Rxe5 30. Nf5 Rxf5 31. Qxc7+ Kg6 32. Bf8 Rg5 33. Qxg7+ Kf5 34. Qh7+
Ke6 35. Re1+ Re5 36. Rxe5+ Nxe5 37. Qxb7 Qe2 38. Qe7+ Kf5 39. g4+ 1-0

[Event "ch-ISR 2014"]
[Site "Beer-Sheva ISR"]
[Date "2014.06.25"]
[Round "9.13"]
[White "Axelrod, Arie"]
[Black "Lederer, Yoav"]
[Result "0-1"]
[WhiteTitle "FM"]
[WhiteElo "2305"]
[BlackElo "2298"]
[WhiteFideId "2804867"]
[BlackFideId "2800292"]
[EventDate "2014.05.17"]

1. e4 c5 2. Nf3 g6 3. Nc3 Bg7 4. d4 cxd4 5. Nxd4 Nc6 6. Be3 Nf6 7. Be2 O-O 8.
Nb3 d6 9. O-O b6 10. f4 Bb7 11. Bf3 Qc7 12. Nd5 Nxd5 13. exd5 Na5 14. Nxa5 bxa5
15. Bd4 Qc4 16. Bxg7 Kxg7 17. Re1 Rfe8 18. Qd2 Qc5+ 19. Kh1 Rab8 20. b3 Rbc8 21.
c4 Rc7 22. Re4 Bc8 23. f5 Bxf5 24. Rh4 Rh8 25. Qh6+ Kg8 26. Rf4 Qe3 27. Qg5 Qe5
28. Rg1 h6 29. Qg3 g5 30. Rxf5 Qxf5 31. Qe1 Kg7 32. Rf1 e5 33. Be4 Qd7 34. Qxa5
Qe7 35. Qc3 h5 36. Bf5 g4 37. b4 a5 38. a3 axb4 39. axb4 Rb8 40. Bc2 Rcb7 41. c5
Rxb4 42. c6 Qf6 43. Bd3 Rb1 44. Kg1 Rxf1+ 45. Bxf1 Rb1 46. Qc4 Qf4 47. Qxf4 exf4
48. g3 fxg3 49. hxg3 Kf6 50. Kf2 Ke5 51. Ba6 Rc1 52. Bb7 Ke4 0-1

[Event "ch-ISR 2014"]
[Site "Beer-Sheva ISR"]
[Date "2014.06.25"]
[Round "9.14"]
[White "Frenkel, Ran"]
[Black "Horesh, Tal"]
[Result "1/2-1/2"]
[WhiteElo "2174"]
[BlackElo "2139"]
[WhiteFideId "2815974"]
[BlackFideId "2809451"]
[EventDate "2014.05.17"]

1. d4 Nf6 2. Nf3 e6 3. g3 b6 4. Bg2 Bb7 5. O-O Be7 6. c4 O-O 7. Nc3 Ne4 8. d5
Nxc3 9. bxc3 Bf6 10. Qd3 e5 11. e4 d6 12. Be3 Nd7 13. Nd2 g6 14. f4 exf4 15.
gxf4 Bg7 16. Bd4 Nc5 17. Qg3 Bc8 18. Rae1 f6 19. h4 Qd7 20. Re3 Qg4 21. Qf2 Qh5
22. f5 Nd7 23. Rg3 Ne5 24. Nf3 gxf5 25. exf5 Bxf5 26. Nxe5 fxe5 27. Rg5 Bg6 28.
Qg3 Rxf1+ 29. Bxf1 Qd1 30. Bf2 Bh6 31. Rg4 Kh8 32. Rxg6 hxg6 33. Kg2 e4 34. Qxg6
Rg8 35. Bd4+ Qxd4 36. Qxg8+ Kxg8 37. cxd4 Kf7 38. Kg3 Kf6 39. Bg2 Kf5 40. Bh3+
Kf6 41. Bg2 Kf5 42. Bh3+ 1/2-1/2

[Event "ch-ISR 2014"]
[Site "Beer-Sheva ISR"]
[Date "2014.06.25"]
[Round "9.15"]
[White "Tseitlin, Mark D"]
[Black "Volman, Horacio"]
[Result "1-0"]
[WhiteTitle "GM"]
[WhiteElo "2349"]
[BlackElo "2203"]
[WhiteFideId "2800128"]
[BlackFideId "2800853"]
[EventDate "2014.05.17"]

1. e4 d5 2. exd5 Nf6 3. d4 Bg4 4. Be2 Bxe2 5. Qxe2 Qxd5 6. Nf3 Nc6 7. c4 Qe4 8.
Be3 Nb4 9. Nc3 Qd3 10. Qxd3 Nxd3+ 11. Ke2 Nb4 12. Rac1 e6 13. a3 Na6 14. b4 Be7
15. Rhd1 O-O 16. d5 exd5 17. Nxd5 Bd8 18. Rd3 Re8 19. Rcd1 Ng4 20. h3 Nxe3 21.
Rxe3 Rxe3+ 22. Nxe3 Kf8 23. c5 Bf6 24. Nd5 Bb2 25. Rd3 Rd8 26. a4 c6 27. Rb3
Rxd5 28. Rxb2 Ke7 29. Ke3 Rd1 30. Nd4 g6 31. Ne2 Ke6 32. Nc3 Rd7 33. Ne4 Rd1 34.
b5 cxb5 35. axb5 Nc7 36. b6 Nd5+ 37. Ke2 Ra1 38. c6 Nxb6 39. cxb7 1-0